La influencia de Juan Bautista Alberdi en la formación del derecho administrativo argentino / (Registro nro. 6101)
[ vista simple ]
| 000 -LEADER | |
|---|---|
| fixed length control field | 00919nabaa22001817a 4500 |
| 003 - CONTROL NUMBER IDENTIFIER | |
| control field | OSt |
| 005 - DATE AND TIME OF LATEST TRANSACTION | |
| control field | 20260122081243.0 |
| 008 - FIXED-LENGTH DATA ELEMENTS--GENERAL INFORMATION | |
| fixed length control field | 190701b xxu||||| |||| 00| 0 spa d |
| 040 ## - CATALOGING SOURCE | |
| Transcribing agency | PJ |
| 100 ## - MAIN ENTRY--PERSONAL NAME | |
| 9 (RLIN) | 6869 |
| Personal name | Riva, Ignacio M. de la |
| 245 13 - TITLE STATEMENT | |
| Title | La influencia de Juan Bautista Alberdi en la formación del derecho administrativo argentino / |
| Statement of responsibility, etc | Ignacio M. de la Riva. |
| 300 ## - PHYSICAL DESCRIPTION | |
| Extent | p. 3-9 |
| 505 ## - FORMATTED CONTENTS NOTE | |
| Formatted contents note | Sumario: I. Personalidad y trayectoria de Alberdi.— II. El pensamientode Alberdi.— III. Escritos jurídicos de Alberdi.— IV. Aportes de Alberdi a la formación del derecho administrativo argentino.— V. Colofón.<br/><br/> |
| 505 ## - FORMATTED CONTENTS NOTE | |
| Title | ¿Te interesa el texto completo? Comunicate al correo: koha@justierradelfuego.gov.ar<br/> |
| 650 #0 - SUBJECT ADDED ENTRY--TOPICAL TERM | |
| 9 (RLIN) | 211 |
| Topical term or geographic name as entry element | DERECHO ADMINISTRATIVO |
| 773 0# - HOST ITEM ENTRY | |
| Host Biblionumber | 2842 |
| Host Itemnumber | 3251 |
| Place, publisher, and date of publication | Buenos Aires : AbeledoPerrot, 2012- |
| Other item identifier | DA121 |
| Title | Derecho administrativo. Nº 145 enero/febrero 2023 |
| International Standard Book Number | 18510590 |
| 942 ## - ADDED ENTRY ELEMENTS (KOHA) | |
| Source of classification or shelving scheme | |
| Koha item type | Analítica Artículo de Revista |
No hay ítems disponibles.
